[Event "EUR-chT Seniors 65"]
[Site "Mali Losinj"]
[Date "2019.09.18"]
[Round "1.4"]
[White "Grahn, Lars"]
[Black "Renman, Nils Gustaf"]
[Result "1/2-1/2"]
[WhiteElo "2024"]
[BlackElo "2340"]
[PlyCount "114"]
[EventDate "2019.09.18"]
[EventType "team-swiss"]
[EventRounds "9"]
[EventCountry "CRO"]
[SourceTitle "EXT 2020"]
[Source "ChessBase"]
[SourceDate "2019.10.17"]
[SourceVersion "1"]
[SourceVersionDate "2019.10.17"]
[SourceQuality "1"]
[WhiteTeam "Sweden 65 II"]
[BlackTeam "Sweden 65"]
[WhiteTeamCountry "SWE"]
[BlackTeamCountry "SWE"]

1. d4 d5 2. c4 c6 3. cxd5 cxd5 4. Bf4 Nc6 5. e3 Nf6 6. Nc3 a6 7. Bd3 Bg4 8. Nge2 e6 9. Rc1 Be7 10. 0-0 0-0 11. f3 Bh5 12. Na4 Bg6 13. Nc5 Bxc5 14. Rxc5 Qb6 15. Bxg6 hxg6 16. Qc2 Rfe8 17. Re1 e5 18. Bxe5 Nd7 19. Rc3 Ndxe5 20. dxe5 Rxe5 21. Rb3 Qa7 22. Ng3 Rae8 23. Qd2 g5 24. Rd3 Qc5 25. Rc1 Qb6 26. Re1 d4 27. e4 g6 28. Kf1 Rb5 29. b3 Rd8 30. Ne2 Qc5 31. Rd1 Qe5 32. Kg1 Rc5 33. Nxd4 Nxd4 34. Rxd4 Rxd4 35. Qxd4 Qxd4+ 36. Rxd4 Rc1+ 37. Kf2 Rc2+ 38. Kg3 Rxa2 39. Rd8+ Kg7 40. Rb8 b5 41. b4 Kf6 42. Rb7 Ke6 43. Rc7 Ra4 44. Kg4 f6 45. Rc6+ Ke5 46. g3 Rxb4 47. Rxa6 Rb2 48. h3 Rg2 49. Rb6 f5+ 50. exf5 gxf5+ 51. Kxg5 Rxg3+ 52. Kh4 Rg8 53. Rxb5+ Kf4 54. Rb4+ Kxf3 55. Rb3+ Ke4 56. Rb4+ Ke3 57. Rb3+ Kf4 1/2-1/2

[Event "Wch Seniors 65 28th"]
[Site "Bled"]
[Date "2018.11.18"]
[Round "1"]
[White "Birnboim, Nathan"]
[Black "Grahn, Lars"]
[Result "1-0"]
[WhiteElo "2376"]
[BlackElo "1999"]
[PlyCount "59"]
[EventDate "2018.11.18"]
[EventType "swiss"]
[EventRounds "11"]
[EventCountry "SLO"]
[SourceTitle "CBM 187 Extra"]
[Source "ChessBase"]
[SourceDate "2018.11.04"]
[SourceVersion "1"]
[SourceVersionDate "2018.11.04"]
[SourceQuality "1"]

1. d4 f5 2. c4 Nf6 3. g3 g6 4. Bg2 Bg7 5. Nf3 0-0 6. 0-0 d6 7. Nc3 c6 8. Qc2 Na6 9. Re1 Re8 10. Bf4 Nh5 11. Bg5 h6 12. Bd2 e5 13. dxe5 dxe5 14. Rad1 Qc7 15. e4 f4 16. Nh4 Qf7 17. Bf3 g5 18. Nf5 Bf8 19. Na4 Nf6 20. c5 g4 21. Be2 f3 22. Bf1 Nxe4 23. Bc4 Be6 24. Bxe6 Rxe6 25. Qxe4 Qh5 26. Ne3 Rg6 27. Bc3 Re8 28. Rd7 Ree6 29. b4 Qh3 30. Qc4 1-0

[Event "EU-chT Seniors 65"]
[Site "Walbrzych"]
[Date "2018.04.16"]
[Round "3.1"]
[White "Grahn, Lars"]
[Black "Vehkalahti, Veli"]
[Result "1-0"]
[WhiteElo "1949"]
[BlackElo "1880"]
[PlyCount "85"]
[EventDate "2018.04.14"]
[EventType "team-swiss"]
[EventRounds "9"]
[EventCountry "POL"]
[SourceTitle "CBM 184 Extra"]
[Source "ChessBase"]
[SourceDate "2018.06.28"]
[SourceVersion "1"]
[SourceVersionDate "2018.06.28"]
[SourceQuality "1"]
[WhiteTeam "Sweden 65 II"]
[BlackTeam "Finland Royal Musketeers 65"]
[WhiteTeamCountry "FIN"]
[BlackTeamCountry "FIN"]

1. d4 Nf6 2. c4 e6 3. Nf3 d5 4. g3 Be7 5. Bg2 0-0 6. Qc2 Nbd7 7. 0-0 dxc4 8. Qxc4 Nb6 9. Qc2 c6 10. e4 Bd7 11. h3 Qc8 12. Be3 Qc7 13. Nbd2 Rac8 14. Rfc1 Nh5 15. Nb3 g6 16. Bh6 Rfd8 17. a4 Be8 18. a5 Nd7 19. Be3 f6 20. d5 exd5 21. exd5 Bf7 22. Nfd4 Qd6 23. dxc6 bxc6 24. Rd1 Bd5 25. Ne2 Qb4 26. Nbd4 Ne5 27. Ra4 Qb7 28. Bxd5+ cxd5 29. Qb3 Qxb3 30. Nxb3 Nc4 31. Bd4 Rb8 32. Nec1 Ng7 33. Bxa7 Rb7 34. Bc5 Nxb2 35. Rad4 Nxd1 36. Rxd1 Bxc5 37. Nxc5 Rb5 38. N1b3 Nf5 39. a6 Ne7 40. Nb7 Ra8 41. N3c5 Kf7 42. Nd6+ Kf8 43. Nxb5 1-0

[Event "WchT Seniors 50"]
[Site "Hersonissos"]
[Date "2017.04.29"]
[Round "6.1"]
[White "Grahn, Lars"]
[Black "Mannion, Stephen R"]
[Result "0-1"]
[WhiteElo "2013"]
[BlackElo "2335"]
[PlyCount "98"]
[EventDate "2017.04.24"]
[EventType "team-swiss"]
[EventRounds "9"]
[EventCountry "GRE"]
[SourceTitle "CBM 178 Extra"]
[Source "ChessBase"]
[SourceDate "2017.06.22"]
[SourceVersion "1"]
[SourceVersionDate "2017.06.22"]
[SourceQuality "1"]
[WhiteTeam "Sweden"]
[BlackTeam "Scotland"]
[WhiteTeamCountry "SWE"]
[BlackTeamCountry "SCO"]

1. d4 d5 2. c4 dxc4 3. e4 Nc6 4. Be3 Nf6 5. f3 e5 6. d5 Na5 7. Qa4+ c6 8. b4 b5 9. Qxa5 Qxa5 10. bxa5 cxd5 11. exd5 Nxd5 12. Bd2 Nb4 13. Kd1 Bf5 14. a3 Nc2 15. Ra2 Nd4 16. Nc3 0-0-0 17. Nge2 b4 18. axb4 Bxb4 19. Ke1 Nb3 20. Ra4 Nc5 21. Rxb4 Nd3+ 22. Kd1 Nxb4 23. Nc1 Rd7 24. Ke1 Nc2+ 25. Ke2 Rhd8 26. Be1 Bd3+ 27. Kf2 Bxf1 28. Rxf1 f5 29. Kg1 Ne3 30. Rf2 f4 31. Re2 g5 32. N1a2 h5 33. Nb4 g4 34. Nc6 Re8 35. Rb2 Re6 36. Nb4 gxf3 37. gxf3 Rg6+ 38. Kh1 Nd1 39. Nxd1 Rxd1 40. Re2 Kd7 41. Rd2+ Rxd2 42. Bxd2 h4 43. Bc3 Kd6 44. Nc2 h3 45. Na3 Kc5 46. Nc2 Rg2 47. Ne1 Re2 48. Kg1 Kd5 49. Bb4 Kd4 0-1

[Event "EU-chT Seniors"]
[Site "Sibenik"]
[Date "2014.04.09"]
[Round "9.17"]
[White "Grahn, Lars"]
[Black "Carlsten, Peter"]
[Result "1-0"]
[WhiteElo "2000"]
[BlackElo "2039"]
[PlyCount "113"]
[EventDate "2014.04.01"]
[EventType "team-swiss"]
[EventRounds "9"]
[EventCountry "CRO"]
[SourceTitle "CBM 159 Extra"]
[Source "ChessBase"]
[SourceDate "2014.04.24"]
[SourceVersion "1"]
[SourceVersionDate "2014.04.24"]
[SourceQuality "1"]
[WhiteTeam "Sweden Seniors V"]
[BlackTeam "Sweden Seniors IV"]
[WhiteTeamCountry "SWE"]
[BlackTeamCountry "SWE"]

1. d4 f5 2. Nc3 d5 3. Bf4 Nf6 4. e3 e6 5. Bd3 Be7 6. Nf3 0-0 7. 0-0 b6 8. Nb5 Ne8 9. c4 c6 10. Nc3 Nd6 11. cxd5 exd5 12. h3 Nd7 13. Rc1 Bb7 14. Be2 Kh8 15. a4 a5 16. b3 Rc8 17. h4 Ne4 18. Nxe4 fxe4 19. Ng5 Bxg5 20. hxg5 Re8 21. Bg4 Ra8 22. g3 Nf8 23. Kg2 Ne6 24. Bxe6 Rxe6 25. Rh1 Qe8 26. Bc7 b5 27. Be5 bxa4 28. bxa4 Kg8 29. Qh5 Qg6 30. Qxg6 hxg6 31. Rh4 Rc8 32. Rc5 Re7 33. Rxa5 Ra8 34. Rxa8+ Bxa8 35. Rh1 Ra7 36. Ra1 Kf7 37. Bd6 Bb7 38. Bc5 Ra8 39. f3 exf3+ 40. Kxf3 Ba6 41. Rb1 Bd3 42. Rb7+ Kg8 43. Ba7 Rf8+ 44. Kg4 Be2+ 45. Kh3 Rf5 46. Bb8 Rxg5 47. Bf4 Rh5+ 48. Kg2 Bd3 49. g4 Be4+ 50. Kf2 Rh1 51. a5 Ra1 52. Bc7 Kf7 53. Bb6+ Kf6 54. Bd8+ Ke6 55. Rxg7 Kd6 56. Rb7 Ra3 57. Be7+ 1-0

[Event "Nordic-ch Seniors"]
[Site "Bornholm"]
[Date "2013.09.14"]
[Round "7"]
[White "Grahn, Lars"]
[Black "Larsen, Arne Walther"]
[Result "1-0"]
[WhiteElo "1968"]
[BlackElo "1873"]
[PlyCount "81"]
[EventDate "2013.09.07"]
[EventType "swiss"]
[EventRounds "9"]
[EventCountry "DEN"]
[SourceTitle "CBM 156 Extra"]
[Source "ChessBase"]
[SourceDate "2013.10.22"]
[SourceVersion "1"]
[SourceVersionDate "2013.10.22"]
[SourceQuality "1"]

1. d4 Nf6 2. c4 c5 3. d5 b5 4. cxb5 a6 5. bxa6 Bxa6 6. Nc3 g6 7. e4 d6 8. Bxa6 Nxa6 9. Nf3 Bg7 10. 0-0 0-0 11. Nd2 Nc7 12. Nc4 Nd7 13. Bf4 Qb8 14. Qe2 Nb5 15. Qd3 Nd4 16. Rfe1 Nb6 17. b3 Nxc4 18. bxc4 Ra3 19. Bd2 Qa7 20. Kf1 Nb3 21. Nb5 Nxd2+ 22. Qxd2 Qa5 23. Qxa5 Rxa5 24. Rac1 Rxa2 25. Re2 Rfa8 26. Rcc2 Rxc2 27. Rxc2 Ra4 28. Ke2 Rb4 29. Na7 Rb2 30. Rxb2 Bxb2 31. Nc6 Kf8 32. f4 f6 33. Kf3 h6 34. e5 fxe5 35. fxe5 dxe5 36. Ke4 Ke8 37. Nxe5 Bxe5 38. Kxe5 Kd7 39. h4 h5 40. g3 e6 41. dxe6+ 1-0

[Event "Nordic-ch Seniors"]
[Site "Bornholm"]
[Date "2013.09.09"]
[Round "3"]
[White "Grahn, Lars"]
[Black "Malmdin, Nils Ake"]
[Result "1/2-1/2"]
[WhiteElo "1968"]
[BlackElo "2230"]
[PlyCount "131"]
[EventDate "2013.09.07"]
[EventType "swiss"]
[EventRounds "9"]
[EventCountry "DEN"]
[SourceTitle "CBM 156 Extra"]
[Source "ChessBase"]
[SourceDate "2013.10.22"]
[SourceVersion "1"]
[SourceVersionDate "2013.10.22"]
[SourceQuality "1"]

1. d4 Nf6 2. c4 e6 3. g3 c5 4. d5 exd5 5. cxd5 d6 6. Nc3 g6 7. Bg2 Bg7 8. Nf3 0-0 9. 0-0 Re8 10. Bf4 Na6 11. Re1 Bg4 12. h3 Bf5 13. g4 Be4 14. Nxe4 Rxe4 15. e3 Rb4 16. Rb1 h5 17. a3 Rxf4 18. exf4 hxg4 19. Ng5 gxh3 20. Bxh3 Nc7 21. Qb3 Nh5 22. Qf3 Qf6 23. Ne4 Qxf4 24. Qxf4 Nxf4 25. Bf1 Rd8 26. Nc3 Be5 27. Rbd1 a6 28. a4 Kf8 29. Bc4 f6 30. a5 g5 31. Ne2 Ng6 32. Rd3 Rd7 33. Rb3 Ne8 34. Ng3 Ng7 35. Ne4 Nh4 36. Kf1 Ngf5 37. Rb6 Nd4 38. Re3 g4 39. Be2 f5 40. Nxc5 Rc7 41. b4 Nhf3 42. Bxf3 gxf3 43. Rxb7 Rxb7 44. Nxb7 Ke7 45. b5 Nxb5 46. Nc5 Nc7 47. Nb3 Nxd5 48. Rxf3 Ke6 49. Ke2 Nb4 50. Rh3 Kd5 51. Rf3 f4 52. Nd2 Kc5 53. Rh3 Kb5 54. Rh5 Nc6 55. Kd3 Kxa5 56. Nc4+ Kb4 57. Nxe5 dxe5 58. Ke4 Kc5 59. Rh8 a5 60. Ra8 Kb5 61. Kd5 a4 62. Ke4 Kb4 63. Rc8 Kb5 64. Ra8 Kb4 65. Rc8 Kb5 66. Ra8 1/2-1/2

[Event "EU-chT Seniors"]
[Site "Rogaska Slatina"]
[Date "2012.04.02"]
[Round "7.23"]
[White "Grahn, Lars"]
[Black "Patola, Eero"]
[Result "1-0"]
[WhiteElo "2058"]
[BlackElo "1930"]
[PlyCount "93"]
[EventDate "2012.03.27"]
[EventType "team-swiss"]
[EventRounds "9"]
[EventCountry "SLO"]
[SourceTitle "CBM 147 Extra"]
[Source "ChessBase"]
[SourceDate "2012.04.24"]
[SourceVersion "1"]
[SourceVersionDate "2012.04.24"]
[SourceQuality "1"]
[WhiteTeam "Sweden (Seniors) III"]
[BlackTeam "Helsinki (Seniors)"]
[WhiteTeamCountry "SWE"]
[BlackTeamCountry "FIN"]

1. d4 f5 2. Nc3 g6 3. Bf4 Nf6 4. e3 Bg7 5. Nf3 d6 6. Bc4 e6 7. Qe2 c6 8. Bb3 h6 9. h3 Nd5 10. Bh2 Nxc3 11. bxc3 0-0 12. 0-0 Kh7 13. Rad1 Qe7 14. c4 e5 15. dxe5 dxe5 16. Qd2 Na6 17. Qd6 Qxd6 18. Rxd6 Re8 19. Rfd1 Nc5 20. Kf1 e4 21. Ng1 a5 22. a4 Be6 23. Ne2 Bf8 24. R6d2 b5 25. cxb5 Nxb3 26. cxb3 cxb5 27. axb5 Bb4 28. Rb2 Red8 29. Rxd8 Rxd8 30. Nd4 Bd5 31. Bc7 Rd7 32. b6 Bb7 33. g3 Kg8 34. Rc2 Kf7 35. Nc6 Ba6+ 36. Kg2 Ke6 37. Nd8+ Ke7 38. b7 Bxb7 39. Nxb7 Rd5 40. Bb6 Rb5 41. Bc5+ Bxc5 42. Nxc5 Kd6 43. Na4 Rxb3 44. Rc5 Ra3 45. Rxa5 Ke7 46. Ra6 Kf7 47. Nc5 1-0

[Event "EU-chT Seniors"]
[Site "Rogaska Slatina"]
[Date "2012.03.27"]
[Round "1.12"]
[White "Grahn, Lars"]
[Black "Malmdin, Nils Ake"]
[Result "0-1"]
[WhiteElo "2058"]
[BlackElo "2306"]
[PlyCount "78"]
[EventDate "2012.03.27"]
[EventType "team-swiss"]
[EventRounds "9"]
[EventCountry "SLO"]
[SourceTitle "CBM 147 Extra"]
[Source "ChessBase"]
[SourceDate "2012.04.24"]
[SourceVersion "1"]
[SourceVersionDate "2012.04.24"]
[SourceQuality "1"]
[WhiteTeam "Sweden (Seniors) III"]
[BlackTeam "Sweden (Seniors)"]
[WhiteTeamCountry "SWE"]
[BlackTeamCountry "SWE"]

1. d4 Nf6 2. c4 e6 3. g3 c5 4. d5 exd5 5. cxd5 d6 6. Nc3 g6 7. Bg2 Bg7 8. Nf3 0-0 9. 0-0 Nbd7 10. Bf4 Nb6 11. h3 Re8 12. Re1 Bf5 13. Nh4 Be4 14. Bg5 Bxg2 15. Nxg2 Qd7 16. Bxf6 Bxf6 17. Kh2 Bg7 18. Qd3 Re7 19. Rad1 a6 20. e4 Rae8 21. f3 Nc8 22. Qc2 b5 23. Nb1 Nb6 24. b3 Rc8 25. Qd2 Qb7 26. Ne3 c4 27. bxc4 Nxc4 28. Nxc4 Rxc4 29. Rc1 Rec7 30. Rxc4 bxc4 31. f4 c3 32. Qc2 Rc5 33. e5 dxe5 34. fxe5 Qxd5 35. Rd1 Qxd1 36. Qxd1 c2 37. Qd8+ Bf8 38. e6 cxb1Q 39. exf7+ Kxf7 0-1

[Event "Malta op"]
[Site "Bugibba"]
[Date "2011.11.21"]
[Round "2"]
[White "Brynell, Stellan"]
[Black "Grahn, Lars"]
[Result "1-0"]
[WhiteElo "2486"]
[BlackElo "2082"]
[PlyCount "57"]
[EventDate "2011.11.20"]
[EventType "swiss"]
[EventRounds "9"]
[EventCountry "MLT"]
[SourceTitle "CBM 145 Extra"]
[Source "ChessBase"]
[SourceDate "2012.01.03"]
[SourceVersion "1"]
[SourceVersionDate "2012.01.03"]
[SourceQuality "1"]

1. d4 f5 2. g3 e6 3. Bg2 Nf6 4. Nf3 Be7 5. 0-0 0-0 6. c4 d6 7. Nc3 Ne4 8. Nxe4 fxe4 9. Nd2 d5 10. f3 exf3 11. Nxf3 Nc6 12. b3 a5 13. Bf4 Bd7 14. Qd2 Be8 15. Ng5 Nxd4 16. cxd5 e5 17. Bxe5 Nxe2+ 18. Qxe2 Bxg5 19. Qc4 Rc8 20. d6+ Bf7 21. Rxf7 Rxf7 22. Rf1 Bf6 23. Bxf6 gxf6 24. Bd5 cxd6 25. Bxf7+ Kg7 26. Qe6 Qb6+ 27. Rf2 Rc1+ 28. Kg2 Qd4 29. Bh5 1-0